[Event "Beograd"]
[Site "?"]
[Date "1989.??.??"]
[Round "?"]
[White "Agdestein, S."]
[Black "Kasparov, Garry"]
[Result "0-1"]
[WhiteElo "2605"]
[BlackElo "2775"]
[PlyCount "113"]
[EventDate "1989.??.??"]
[Source "ChessBase"]
[SourceDate "1989.07.01"]

1. d4 Nf6 2. c4 g6 3. g3 c5 4. d5 d6 5. Bg2 Bg7 6. Nh3 b5 7. cxb5 Qa5+ 8. Bd2 Qxb5 9. Bc3 Ba6 10. Na3 Qb6 11. O-O O-O 12. Qd2 Nbd7 13. Rab1 Rab8 14. b3 Bb5 15. Rfe1 Ng4 16. Bxg7 Kxg7 17. Nc2 a5 18. f3 Ngf6 19. Nf2 Ba6 20. f4 Rfc8 21. e3 a4 22. g4 axb3 23. g5 Ne8 24. axb3 h5 25. gxh6+ Kh7 26. Kh1 Nef6 27. e4 c4 28. e5 cxb3 29. Nd4 Rc4 30. Nc6 Rc2 31. Qe3 Qxe3 32. Rxe3 Rb6 33. exf6 Nxf6 34. Ne4 b2 35. Nxf6+ exf6 36. Be4 Rc1+ 37. Re1 f5 38. Rexc1 bxc1=Q+ 39. Rxc1 fxe4 40. Re1 Bc4 41. Ne7 f5 42. Rg1 e3 43. Re1 Rb3 44. Kg2 Kxh6 45. Kf3 e2+ 46. Kf2 Rh3 47. Rg1 Rxh2+ 48. Kg3 Rh5 49. Nc8 Kg7 50. Nxd6 Ba6 51. Ne8+ Kf7 52. Nc7 Bc4 53. Rc1 g5 54. Kf2 gxf4 55. Ne6 Rh2+ 56. Kg1 Rh4 57. Nd4 0-1

[Event "XXIV ECC"]
[Site "Kallithea GRE"]
[Date "2008.10.19"]
[Round "3"]
[White "Inarkiev, E."]
[Black "Sutovsky, E."]
[Result "1/2-1/2"]
[WhiteElo "2669"]
[BlackElo "2651"]
[PlyCount "59"]
[EventDate "2008.10.17"]
[Source "www.chesslib.no"]
[SourceDate "2004.05.04"]

1. d4 Nf6 2. c4 g6 3. g3 c6 4. Nf3 d5 5. b3 Bg7 6. Bg2 dxc4 7. bxc4 c5 8. Bb2 cxd4 9. O-O Nc6 10. Nxd4 O-O 11. Nxc6 bxc6 12. Bxc6 Rb8 13. Be5 Bh3 14. Qxd8 Rfxd8 15. Bxb8 Bxf1 16. Na3 Bxe2 17. Bxa7 Ng4 18. Rb1 Rd2 19. h3 Ne5 20. Be3 Rd8 21. Bb7 Rd3 22. Nc2 Nxc4 23. Ba6 Rd8 24. Re1 Nxe3 25. Rxe2 Rd1+ 26. Re1 Rd6 27. Rxe3 Rxa6 28. Rxe7 Rxa2 29. Re8+ Bf8 30. Ne3 1/2-1/2

[Event "Corsica rap op"]
[Site "Corsica"]
[Date "1997.??.??"]
[Round "9"]
[White "Salov, Valery"]
[Black "Smirin, Ilia"]
[Result "1/2-1/2"]
[WhiteElo "2680"]
[BlackElo "2600"]
[PlyCount "44"]
[EventDate "1997.??.??"]
[Source "www.chesslib.no"]
[SourceDate "2004.05.04"]

1. d4 Nf6 2. c4 g6 3. g3 Bg7 4. Bg2 c5 5. Nf3 O-O 6. O-O d6 7. b3 Nc6 8. Bb2 d5 9. Nbd2 Qa5 10. dxc5 dxc4 11. Nxc4 Qxc5 12. Nfe5 Rd8 13. Qe1 Nxe5 14. Bxe5 Be6 15. Rc1 Qb5 16. Qc3 Rac8 17. a4 Qd7 18. Qb4 Bxc4 19. bxc4 b6 20. a5 Nh5 21. axb6 axb6 22. Bxg7 Nxg7 1/2-1/2

[Event "simul"]
[Site "Brussels simul"]
[Date "1993.??.??"]
[Round "?"]
[White "Kasparov, Gary"]
[Black "Lane, Gary W"]
[Result "1-0"]
[WhiteElo "2805"]
[BlackElo "2420"]
[PlyCount "67"]
[EventDate "1993.??.??"]
[Source "www.chesslib.no"]
[SourceDate "2004.05.04"]

1. d4 Nf6 2. c4 g6 3. g3 Bg7 4. Bg2 O-O 5. Nf3 d6 6. O-O Nbd7 7. Qc2 e5 8. Rd1 Qe7 9. Nc3 c6 10. d5 c5 11. e4 Ng4 12. Rb1 f5 13. Ng5 f4 14. Ne6 fxg3 15. fxg3 Rf2 16. Qd3 Qf7 17. Rf1 Nf8 18. Be3 Rxf1+ 19. Rxf1 Qe7 20. Bg5 Bf6 21. Bxf6 Nxf6 22. Qf3 N8d7 23. g4 h6 24. h4 a6 25. h5 Qf7 26. Bh3 gxh5 27. gxh5 Kh8 28. Nc7 Rb8 29. Bxd7 Qg7+ 30. Kh2 Nxd7 31. Ne6 Qe7 32. Qg3 Nf6 33. Qh4 Nxd5 34. Rf8+ 1-0

[Event "56th ch-RUS"]
[Site "Krasnoyarsk"]
[Date "2003.09.11"]
[Round "8"]
[White "Tregubov, Pavel V"]
[Black "Kornev, Alexei"]
[Result "1/2-1/2"]
[WhiteElo "2635"]
[BlackElo "2566"]
[PlyCount "89"]
[EventDate "2003.09.03"]
[Source "Roberto Alvarez"]
[SourceDate "2003.09.15"]

1. d4 Nf6 2. c4 g6 3. g3 Bg7 4. Bg2 c5 5. Nf3 O-O 6. O-O d6 7. dxc5 dxc5 8. Ne5 Nfd7 9. Nxd7 Nxd7 10. Qb3 Ne5 11. Nc3 Nc6 12. Qb5 Nd4 13. Qxc5 Be6 14. Bg5 b6 15. Qxe7 f6 16. Qxd8 Raxd8 17. Be3 Bxc4 18. Bxd4 Rxd4 19. b3 Be6 20. Rad1 Rfd8 21. Rxd4 Rxd4 22. Rd1 Rxd1+ 23. Nxd1 f5 24. Ne3 Kf8 25. Bd5 Bd7 26. Nc2 Ke7 27. f3 Kd6 28. Bg8 h6 29. Kf2 a5 30. Ke3 Kc5 31. Kd3 Be5 32. e3 Bb2 33. Bf7 g5 34. f4 Bc6 35. Kd2 b5 36. fxg5 hxg5 37. h4 gxh4 38. gxh4 Be4 39. Nd4 Bxd4 40. exd4+ Kxd4 41. h5 Ke5 42. h6 Kf6 43. h7 Kg7 44. Bg6 b4 45. Kc1 1/2-1/2

[Event "Ch Bosnia & Herzegovina (team)"]
[Site "Vogosca (Bosnia & Herzegovina"]
[Date "2007.06.07"]
[Round "6"]
[White "Movsesian Sergei (SVK)"]
[Black "Popovic Dusan (SCG)"]
[Result "1-0"]
[WhiteElo "2642"]
[BlackElo "2557"]
[PlyCount "63"]
[EventDate "2007.??.??"]
[Source "www.chesslib.no"]
[SourceDate "2004.05.04"]

1. d4 Nf6 2. c4 g6 3. g3 Bg7 4. Bg2 O-O 5. e4 d6 6. Ne2 Nc6 7. O-O Re8 8. Nbc3 e5 9. dxe5 Nxe5 10. b3 a6 11. h3 Rb8 12. a4 b6 13. Bg5 Bb7 14. Qc2 c6 15. Rad1 Qc7 16. Qd2 Rbd8 17. f4 Ned7 18. Qxd6 Qxd6 19. Rxd6 h6 20. Bh4 Bf8 21. Rdd1 Be7 22. e5 g5 23. fxg5 Nh7 24. g6 fxg6 25. Bxe7 Rxe7 26. Rd6 Nhf8 27. Nf4 g5 28. Ng6 Nxg6 29. Rxg6+ Rg7 30. Rxg7+ Kxg7 31. e6 Ne5 32. Rf5 1-0

[Event "Pappier Memorial A"]
[Site "CAPA email"]
[Date "1998.??.??"]
[Round "?"]
[White "Umansky, Mikhail Markovich"]
[Black "Diani, Jose Angel (ARG)"]
[Result "1-0"]
[WhiteElo "2700"]
[BlackElo "2490"]
[PlyCount "69"]
[EventDate "1998.??.??"]
[Source "www.chesslib.no"]
[SourceDate "2004.05.04"]

1. d4 Nf6 2. c4 g6 3. g3 Bg7 4. Bg2 d6 5. Nf3 O-O 6. O-O Bf5 7. Nc3 Ne4 8. Nxe4 Bxe4 9. Bg5 Nc6 10. d5 Na5 11. b3 c5 12. Rc1 Bb2 13. Qd2 Bxc1 14. Rxc1 b6 15. Bh3 Re8 16. Nh4 f6 17. Be6+ Kh8 18. Bh6 g5 19. Bxg5 Rg8 20. Bh6 Bg6 21. Re1 Qe8 22. Bxg8 Qxg8 23. e4 Nb7 24. f4 Nd8 25. e5 Nf7 26. f5 Bh5 27. exf6 exf6 28. Re6 Qd8 29. Bf4 Rc8 30. h3 Ng5 31. Bxg5 fxg5 32. Nf3 Bxf3 33. Qc3+ Kg8 34. Qxf3 Rc7 35. f6 1-0

[Event "Essent Open"]
[Site "?"]
[Date "2005.10.28"]
[Round "8"]
[White "Kharitonov Alexandr"]
[Black "Atalik Suat"]
[Result "1/2-1/2"]
[WhiteElo "2545"]
[BlackElo "2620"]
[PlyCount "88"]
[EventDate "2005.??.??"]
[Source "www.chesslib.no"]
[SourceDate "2004.05.04"]

1. d4 Nf6 2. c4 g6 3. g3 c5 4. Nf3 Bg7 5. Bg2 cxd4 6. Nxd4 O-O 7. O-O d5 8. cxd5 Nxd5 9. Nb5 a6 10. N1c3 Nxc3 11. Nxc3 Nc6 12. Be3 Qxd1 13. Rfxd1 Bxc3 14. bxc3 Bg4 15. Kf1 Rfd8 16. Rdb1 Rd7 17. Rxb7 Rxb7 18. Bxc6 Rab8 19. Bxb7 Rxb7 20. c4 Rb2 21. f3 Be6 22. Rc1 Rxa2 23. c5 Ra4 24. c6 Rc4 25. Rxc4 Bxc4 26. c7 Be6 27. Ke1 Kf8 28. Kd2 Ke8 29. Kc3 Kd7 30. Bc5 Kxc7 31. Bxe7 Bh3 32. Kd4 a5 33. e4 Bg2 34. f4 Kc6 35. h4 h5 36. e5 Kd7 37. Ba3 Ke6 38. Bc5 Kf5 39. Ke3 Kg4 40. Kf2 Bd5 41. Ba3 Kf5 42. Ke3 Kg4 43. Kf2 a4 44. Bb4 Kf5 1/2-1/2

[Event "Groningen PCA"]
[Site "Groningen"]
[Date "1993.??.??"]
[Round "6"]
[White "Lutz, Christopher"]
[Black "Nijboer, Friso"]
[Result "1-0"]
[WhiteElo "2605"]
[BlackElo "2555"]
[PlyCount "123"]
[EventDate "1993.12.??"]
[Source "ChessBase"]

1. d4 Nf6 2. c4 g6 3. g3 Bg7 4. Bg2 O-O 5. Nf3 d6 6. O-O Nbd7 7. Qc2 e5 8. Rd1 Qe7 9. Nc3 c6 10. b3 exd4 11. Nxd4 Nc5 12. Bf4 Ne8 13. Qd2 f5 14. Rac1 Bd7 15. b4 Ne6 16. Nxe6 Bxe6 17. b5 Rc8 18. bxc6 bxc6 19. e4 Bxc4 20. exf5 Rxf5 21. Bh3 d5 22. Bxf5 gxf5 23. Re1 Qf7 24. Bh6 c5 25. Na4 Bd4 26. Be3 Bxe3 27. Rxe3 Nf6 28. Re5 Qh5 29. h4 Qg4 30. Qh6 Qg6 31. Qf4 Qg4 32. Rxf5 Qxf4 33. Rxf4 Kg7 34. a3 Rc7 35. Rf5 Nd7 36. Nb2 Bb3 37. Nd3 Rc6 38. g4 a5 39. Nf4 Rd6 40. Re1 d4 41. Re7+ Kg8 42. Nh5 h6 43. Rg7+ Kh8 44. Rxd7 Rxd7 45. Rf8+ Kh7 46. Nf6+ Kg7 47. Nxd7 d3 48. Nxc5 d2 49. Ne6+ Kh7 50. Rd8 d1=Q+ 51. Rxd1 Bxd1 52. g5 hxg5 53. Nxg5+ Kg6 54. Kg2 Kf5 55. f3 a4 56. Kg3 Bb3 57. Ne4 Bd5 58. h5 Be6 59. Kf2 Bb3 60. Ke3 Bd1 61. f4 Bb3 62. Ng5 1-0

[Event "Linares Anibal op"]
[Site "Linares"]
[Date "1999.01.11"]
[Round "4"]
[White "Burmakin, Vladimir"]
[Black "Romanishin, Oleg M"]
[Result "1-0"]
[WhiteElo "2560"]
[BlackElo "2600"]
[PlyCount "101"]
[EventDate "1999.01.??"]
[Source "ChessBase"]
[SourceDate "1999.03.01"]

1. d4 Nf6 2. c4 g6 3. g3 Bg7 4. Bg2 d6 5. Nf3 O-O 6. O-O Bf5 7. Qb3 Qc8 8. Nc3 Nc6 9. d5 Nd8 10. Re1 e5 11. e4 Bg4 12. Be3 b6 13. Qc2 Ne8 14. Qd2 a5 15. Bh6 Qd7 16. Bxg7 Nxg7 17. Nh4 f6 18. f3 Bh3 19. Nb5 Bxg2 20. Nxg2 Nf7 21. Ne3 f5 22. exf5 gxf5 23. Ng2 Nh8 24. f4 Ng6 25. Re2 Rae8 26. Rf1 Re7 27. Kh1 Rfe8 28. fxe5 dxe5 29. Nxc7 Rf8 30. Nb5 f4 31. gxf4 exf4 32. Nd4 Ref7 33. Qd3 Nh5 34. Re6 f3 35. Nxf3 Nhf4 36. Nxf4 Nxf4 37. Qe4 Nxe6 38. dxe6 Rxf3 39. exd7 Rxf1+ 40. Kg2 R1f2+ 41. Kg3 Rd2 42. Qe6+ Rf7 43. Qe8+ Rf8 44. b3 Rd6 45. a3 Rd3+ 46. Kg4 Kg7 47. Qe7+ Kg8 48. b4 axb4 49. axb4 Rd1 50. Kh5 Rd3 51. h4 1-0

[Event "EU-chT (Men)"]
[Site "Debrecen"]
[Date "1992.??.??"]
[Round "5"]
[White "Georgiev, Kiril"]
[Black "Smirin, Ilia"]
[Result "1/2-1/2"]
[WhiteElo "2605"]
[BlackElo "2545"]
[PlyCount "122"]
[EventDate "1992.11.??"]
[Source "ChessBase"]

1. d4 Nf6 2. c4 g6 3. g3 Bg7 4. Bg2 c5 5. Nf3 O-O 6. Nc3 Nc6 7. dxc5 Qa5 8. O-O Qxc5 9. b3 Rd8 10. e4 Qh5 11. Bd2 d6 12. Ne1 Qxd1 13. Rxd1 Bd7 14. h3 a6 15. Nd3 Rab8 16. Rfe1 Ne8 17. Nd5 Bd4 18. Be3 Bxe3 19. Rxe3 e5 20. f4 Kg7 21. Nb6 Be6 22. Re2 f6 23. Red2 Kf7 24. Kf2 Ke7 25. Ke3 Nc7 26. g4 g5 27. fxg5 fxg5 28. Rf2 Rf8 29. Rdf1 Rxf2 30. Rxf2 Nd4 31. Nd5+ Bxd5 32. exd5 b6 33. b4 Rf8 34. Rxf8 Kxf8 35. Ke4 Nc2 36. c5 bxc5 37. bxc5 Ke7 38. cxd6+ Kxd6 39. Nxe5 Nxd5 40. Nf7+ Ke7 41. Kxd5 Kxf7 42. Be4 Ne3+ 43. Kd4 Nd1 44. Bxh7 Nf2 45. Kc5 Ke7 46. a4 a5 47. Kb5 Kd6 48. Kxa5 Kc7 49. Kb5 Nxh3 50. Be4 Nf2 51. Bf3 Nd3 52. Be2 Nf2 53. Kc5 Kb7 54. Kb5 Ka7 55. Kc5 Kb7 56. Kd4 Kb6 57. Ke5 Nh3 58. Bf1 Nf4 59. Ke4 Ka5 60. Bb5 Kb4 61. Bd7 Ka5 1/2-1/2

[Event "GER-ch 71st"]
[Site "Altenkirchen"]
[Date "1999.11.19"]
[Round "8"]
[White "Dautov, Rustem"]
[Black "Slobodjan, Roman"]
[Result "1/2-1/2"]
[WhiteElo "2597"]
[BlackElo "2550"]
[PlyCount "27"]
[EventDate "1999.11.12"]
[Source "ChessBase"]
[SourceDate "2000.02.01"]

1. d4 Nf6 2. c4 g6 3. g3 c6 4. Nf3 d5 5. Qa4 e6 6. Bg2 Bg7 7. O-O O-O 8. Bf4 Nbd7 9. Nbd2 Ne4 10. Qc2 Nxd2 11. Bxd2 dxc4 12. Qxc4 e5 13. Bb4 Re8 14. dxe5 1/2-1/2

[Event "Pula (open)"]
[Site "?"]
[Date "1997.??.??"]
[Round "?"]
[White "Sturua, Z."]
[Black "Lalic, B."]
[Result "1-0"]
[WhiteElo "2560"]
[BlackElo "2585"]
[PlyCount "79"]
[EventDate "1997.??.??"]
[Source "ChessBase"]
[SourceDate "1997.02.01"]

1. d4 Nf6 2. c4 g6 3. g3 c5 4. Nf3 Bg7 5. Bg2 Qa5+ 6. Nc3 Ne4 7. Qd3 cxd4 8. Nxd4 Nc5 9. Qd1 Nc6 10. e3 Ne6 11. O-O Ncxd4 12. exd4 Nxd4 13. Bh6 Bxh6 14. Qxd4 O-O 15. Nd5 Bg7 16. Nxe7+ Kh8 17. Qd6 Qb6 18. c5 Qxb2 19. Rfe1 Qf6 20. Rac1 Qxd6 21. cxd6 Bb2 22. Rc2 Bf6 23. Nd5 Bd4 24. Rec1 b6 25. Nxb6 axb6 26. Bxa8 Ba6 27. Bd5 Bc5 28. Rxc5 bxc5 29. Rxc5 Kg7 30. Rc7 Bb5 31. Rb7 Ba4 32. Ra7 Bc6 33. Bxc6 dxc6 34. Rc7 Kf6 35. Rxc6 Ke6 36. Ra6 Rb8 37. Ra7 Rd8 38. d7 Kd6 39. Ra3 Kc5 40. Rd3 1-0

[Event "Kusadasi TUR"]
[Site "?"]
[Date "2006.04.12"]
[Round "8"]
[White "Kempinski Robert"]
[Black "Kurnosov Igor"]
[Result "1/2-1/2"]
[WhiteElo "2619"]
[BlackElo "2517"]
[PlyCount "66"]
[EventDate "2006.??.??"]
[Source "www.chesslib.no"]
[SourceDate "2004.05.04"]

1. d4 Nf6 2. c4 g6 3. g3 c5 4. Nf3 Bg7 5. Bg2 cxd4 6. Nxd4 O-O 7. O-O d5 8. cxd5 Nxd5 9. Nb5 Be6 10. Nd4 Bc8 11. a3 Nb6 12. e3 Nc6 13. Nxc6 bxc6 14. Qc2 Ba6 15. Rd1 Qc7 16. Bd2 Rfd8 17. Bc3 Rxd1+ 18. Qxd1 Rd8 19. Qe1 Nc4 20. Bf1 Ne5 21. Bxe5 Qxe5 22. Nc3 Bxf1 23. Kxf1 Rb8 24. Qd2 Qe6 25. Rc1 h5 26. h4 Qb3 27. Rc2 Bf6 28. Kg2 Kg7 29. Qe2 a5 30. Nd1 Rd8 31. Nc3 Rb8 32. Nd1 Rd8 33. Nc3 Rb8 1/2-1/2

[Event "Silivri 88/390"]
[Site "?"]
[Date "2003.??.??"]
[Round "?"]
[White "Dautov, R."]
[Black "Guseinov, K."]
[Result "1/2-1/2"]
[WhiteElo "2611"]
[BlackElo "2505"]
[PlyCount "74"]
[EventDate "2003.??.??"]
[Source "Chess Informant"]
[SourceDate "2003.06.01"]

1. d4 Nf6 2. c4 g6 3. g3 c6 4. Nf3 d5 5. Qa4 Nbd7 6. cxd5 Nb6 7. Qb3 cxd5 8. Bg2 Bg7 9. O-O O-O 10. Nc3 Ne4 11. a4 Bg4 12. Bf4 Qd7 13. Rfe1 Nxc3 14. bxc3 Nc4 15. Nd2 Rac8 16. a5 e5 17. dxe5 Nxd2 18. Bxd2 Bxe5 19. Qxd5 Qxd5 20. Bxd5 Rfd8 21. e4 Bxc3 22. Bxc3 Rxc3 23. Reb1 Rc7 24. Rxb7 Rxb7 25. Bxb7 Bf3 26. a6 Rd7 27. Rb1 Rd2 28. e5 Be2 29. Rc1 g5 30. f4 g4 31. Rc7 h5 32. f5 Bb5 33. Bc8 Re2 34. Rc1 Rxe5 35. h3 Kg7 36. hxg4 hxg4 37. Rc2 Bd3 1/2-1/2

[Event "Lausanne Master op"]
[Site "Lausanne"]
[Date "2001.05.27"]
[Round "8"]
[White "Vladimirov, Evgeny"]
[Black "Lalic, Bogdan"]
[Result "1/2-1/2"]
[WhiteElo "2612"]
[BlackElo "2501"]
[PlyCount "34"]
[EventDate "2001.05.20"]
[Source "ChessBase"]
[SourceDate "2001.07.03"]

1. d4 Nf6 2. c4 g6 3. g3 c6 4. Nf3 d5 5. Qb3 a5 6. Bg2 a4 7. Qb4 e5 8. Qd2 e4 9. Ne5 Bg7 10. O-O O-O 11. Nc3 Qa5 12. cxd5 cxd5 13. f3 Nc6 14. Nxc6 bxc6 15. fxe4 Nxe4 16. Nxe4 dxe4 17. Qxa5 Rxa5 1/2-1/2

[Event "RUS-Cup6"]
[Site "Krasnodar"]
[Date "1997.??.??"]
[Round "7"]
[White "Tregubov, Pavel V"]
[Black "Fedorov, Alexei"]
[Result "1-0"]
[WhiteElo "2525"]
[BlackElo "2580"]
[PlyCount "105"]
[EventDate "1997.03.11"]
[Source "www.chesslib.no"]
[SourceDate "2004.05.04"]

1. d4 Nf6 2. c4 g6 3. g3 Bg7 4. Bg2 O-O 5. Nf3 c5 6. d5 d6 7. O-O b5 8. cxb5 a6 9. bxa6 Bf5 10. Nc3 Ne4 11. Nxe4 Bxe4 12. Nd2 Bxg2 13. Kxg2 Nd7 14. Nc4 Nb6 15. Qd3 Nxc4 16. Qxc4 Qb6 17. Rb1 Qxa6 18. Qxa6 Rxa6 19. a3 Rb8 20. b4 f5 21. Be3 cxb4 22. axb4 Rb5 23. Rfc1 Ra4 24. Rc4 Kf7 25. Bd4 Rxd5 26. Bxg7 Kxg7 27. Rc7 Kf6 28. b5 Ra5 29. b6 Rdb5 30. Rcc1 Rxb1 31. Rxb1 Ra8 32. b7 Rb8 33. Kf3 e5 34. g4 h5 35. gxh5 gxh5 36. Kg3 f4+ 37. Kh4 Kf5 38. f3 d5 39. Rb5 Kf6 40. Kxh5 e4 41. fxe4 dxe4 42. Kg4 f3 43. exf3 e3 44. Kg3 Rg8+ 45. Kf4 e2 46. Rf5+ Kg6 47. Rg5+ Kf7 48. Rxg8 e1=Q 49. b8=Q Qh4+ 50. Kf5 Qh5+ 51. Ke4 Qh4+ 52. Rg4 Qe1+ 53. Kf5 1-0

[Event "XVII Festival"]
[Site "Abu Dhabi EAU"]
[Date "2007.08.19"]
[Round "8"]
[White "Anastasian, A."]
[Black "Neverov, V."]
[Result "1/2-1/2"]
[WhiteElo "2555"]
[BlackElo "2541"]
[PlyCount "20"]
[EventDate "2007.08.12"]
[Source "www.chesslib.no"]
[SourceDate "2004.05.04"]

1. d4 Nf6 2. c4 g6 3. g3 c6 4. Nf3 d5 5. Qb3 Bg7 6. Bg2 Qb6 7. Nc3 Na6 8. O-O Be6 9. c5 Qxb3 10. axb3 Nd7 1/2-1/2

[Event "ROM Team Ch"]
[Site "Romania"]
[Date "1995.??.??"]
[Round "?"]
[White "Marin, Mihail"]
[Black "Timoshenko, Georgy"]
[Result "0-1"]
[WhiteElo "2540"]
[BlackElo "2555"]
[PlyCount "170"]
[EventDate "1995.??.??"]
[Source "www.chesslib.no"]
[SourceDate "2004.05.04"]

1. d4 Nf6 2. c4 g6 3. g3 Bg7 4. Bg2 O-O 5. Nf3 a6 6. Nc3 c6 7. e4 d6 8. O-O b5 9. e5 Ne8 10. Qe2 Nc7 11. c5 dxc5 12. dxc5 Bg4 13. Rd1 Qc8 14. Bg5 Re8 15. Qe3 Ne6 16. Bf4 Nd7 17. Ne2 Qc7 18. Nfd4 Nxd4 19. Rxd4 Be6 20. Rad1 Nxe5 21. Bxe5 Bxe5 22. Re4 Bxb2 23. Rxe6 fxe6 24. Qxe6+ Kh8 25. Rb1 Qe5 26. Qxe5+ Bxe5 27. Bxc6 Kg7 28. f4 Bf6 29. Kf2 Kf7 30. Ke3 Rad8 31. Bxe8+ Kxe8 32. a4 bxa4 33. Rb6 a3 34. Rxa6 Bb2 35. c6 Kf7 36. g4 Rd5 37. Ng3 Bc1+ 38. Kf3 Rd3+ 39. Ke2 Rc3 40. Ne4 Re3+ 41. Kd1 Rxe4 42. Kxc1 Rxf4 43. Kc2 Rxg4 44. Kd3 Ke6 45. Rxa3 Kd6 46. Rc3 Kc7 47. Rc5 Rf4 48. Re5 Kd6 49. c7 Rf8 50. Re3 Kd7 51. Kd4 Ra8 52. Kd5 Rc8 53. Rh3 h5 54. Rg3 Rxc7 55. Rxg6 Rc2 56. h4 Rh2 57. Ra6 Rxh4 58. Ra7+ Ke8 59. Ke6 Re4+ 60. Kf5 Rc4 61. Ra6 Kf7 62. Rf6+ Ke8 63. Ra6 Kd7 64. Rh6 Rc1 65. Ke5 Rh1 66. Ra6 h4 67. Kf5 Rc1 68. Kg4 Rc4+ 69. Kh3 Rf4 70. Rb6 e6 71. Ra6 Ke7 72. Ra8 Kf6 73. Ra6 Kf5 74. Ra8 e5 75. Ra5 Rb4 76. Ra8 Kf4 77. Kxh4 Kf3+ 78. Kh3 e4 79. Rf8+ Ke2 80. Kg3 e3 81. Ra8 Rb2 82. Ra1 Rc2 83. Kg2 Kd3+ 84. Kf1 Kd2 85. Ra8 e2+ 0-1

[Event "Borowski mem op 15'"]
[Site "Essen"]
[Date "2000.09.02"]
[Round "6"]
[White "Jussupow, Artur"]
[Black "Appel, Ralf"]
[Result "1/2-1/2"]
[WhiteElo "2610"]
[BlackElo "2481"]
[PlyCount "72"]
[EventDate "2000.09.02"]
[Source "www.chesslib.no"]
[SourceDate "2004.05.04"]

1. d4 Nf6 2. c4 g6 3. g3 c5 4. Nf3 Qa5+ 5. Nc3 cxd4 6. Nxd4 Ne4 7. Nb3 Nxc3 8. Qd3 Qe5 9. bxc3 Bg7 10. Bd2 Nc6 11. Bg2 O-O 12. c5 a5 13. a4 b6 14. Qa6 Bxa6 15. cxb6 Qe3 16. fxe3 Bc4 17. Nd4 Nxd4 18. exd4 Ra6 19. Rb1 Rb8 20. b7 Ra7 21. Bf4 d6 22. Kd2 g5 23. Bxg5 d5 24. Bxe7 Raxb7 25. Rxb7 Rxb7 26. Ba3 Bf8 27. Bxf8 Rb2+ 28. Kc1 Rxe2 29. Bf1 Re1+ 30. Kd2 Rb1 31. Bc5 Bxf1 32. Ke3 Bd3 33. Rxb1 Bxb1 34. Kf4 f6 35. Bb6 Bc2 36. Bxa5 Kf7 1/2-1/2

[Event "AUT Team Ch"]
[Site "Austria"]
[Date "1991.??.??"]
[Round "?"]
[White "Horvath, Jozsef"]
[Black "Stohl, Igor"]
[Result "1/2-1/2"]
[WhiteElo "2540"]
[BlackElo "2550"]
[PlyCount "24"]
[EventDate "1991.??.??"]
[Source "www.chesslib.no"]
[SourceDate "2004.05.04"]

1. d4 Nf6 2. c4 g6 3. g3 Bg7 4. Bg2 O-O 5. Nc3 Nc6 6. b3 d6 7. Bb2 e5 8. d5 Ne7 9. e4 c5 10. Nge2 Nh5 11. Nc1 f5 12. exf5 Bxf5 1/2-1/2

[Event "Capablanca mem-A 13th"]
[Site "Cienfuegos City CUB"]
[Date "1976.05.19"]
[Round "3"]
[White "Gulko, Boris F"]
[Black "Beliavsky, Alexander G"]
[Result "1/2-1/2"]
[WhiteElo "2530"]
[BlackElo "2560"]
[PlyCount "36"]
[EventDate "1976.05.17"]
[Source "www.chesslib.no"]
[SourceDate "2004.05.04"]

1. d4 Nf6 2. c4 g6 3. g3 c5 4. d5 b5 5. Bg2 d6 6. cxb5 a6 7. bxa6 Nxa6 8. Nc3 Nc7 9. Nf3 Bg7 10. O-O O-O 11. h3 Ba6 12. Re1 Qb8 13. a4 Ra7 14. Rb1 Bc4 15. e4 Bb3 16. Qe2 Bxa4 17. b4 Nb5 18. Bd2 Nxc3 1/2-1/2

[Event "EU-chT (Men)"]
[Site "Leon"]
[Date "2001.11.11"]
[Round "6.1"]
[White "Ilincic, Zlatko"]
[Black "Ftacnik, Lubomir"]
[Result "0-1"]
[WhiteElo "2521"]
[BlackElo "2566"]
[PlyCount "106"]
[EventDate "2001.11.06"]
[Source "ChessBase"]
[SourceDate "2001.02.01"]

1. d4 Nf6 2. c4 g6 3. g3 Bg7 4. Bg2 O-O 5. Nc3 Nc6 6. h3 d6 7. Nf3 Bf5 8. O-O Ne4 9. Nd5 Bd7 10. Ne3 a5 11. d5 Nb4 12. Nd4 Nc5 13. b3 Ncd3 14. exd3 Bxd4 15. Rb1 Nxa2 16. Bb2 Bxb2 17. Rxb2 Nb4 18. d4 Rb8 19. Re1 e6 20. dxe6 Bxe6 21. d5 Bd7 22. Qd4 f5 23. Rbe2 Qf6 24. Qd2 Rbe8 25. f4 b6 26. Bf3 Na6 27. g4 Nc5 28. g5 Qg7 29. Rb1 Re7 30. h4 Rfe8 31. h5 Ne4 32. Bxe4 Rxe4 33. hxg6 Qxg6 34. Rf1 h6 35. Rfe1 hxg5 36. fxg5 Kf7 37. Ng2 Rxe2 38. Rxe2 Rxe2 39. Qxe2 Qxg5 40. Qf2 a4 41. bxa4 Bxa4 42. Qe2 Bd7 43. Kf2 Kf8 44. Qb2 Qg7 45. Qd2 Ke7 46. Nf4 Kd8 47. Ne2 Kc8 48. Nf4 Qe5 49. Ne2 Kb7 50. Qd3 Qb2 51. Ke3 b5 52. Qc3 f4+ 53. Kf3 Bg4+ 0-1

[Event "YUG-chT"]
[Site "?"]
[Date "1998.??.??"]
[Round "1"]
[White "Ilincic Zlatko"]
[Black "Djuric Stefan"]
[Result "1/2-1/2"]
[WhiteElo "2565"]
[BlackElo "2520"]
[PlyCount "75"]
[EventDate "1998.??.??"]
[Source "www.chesslib.no"]
[SourceDate "2004.05.04"]

1. d4 Nf6 2. c4 g6 3. g3 Bg7 4. Bg2 O-O 5. Nc3 Nc6 6. d5 Na5 7. Qd3 c5 8. e4 d6 9. Nge2 a6 10. Rb1 Nd7 11. f4 b5 12. cxb5 axb5 13. Nxb5 Ba6 14. Nec3 Qb6 15. a4 c4 16. Qe2 Bxb5 17. Be3 Bd4 18. Bxd4 Qxd4 19. Nxb5 Qc5 20. Qf2 Qb4+ 21. Nc3 Nc5 22. O-O Nd3 23. Qe3 Rab8 24. e5 Nb3 25. exd6 exd6 26. f5 Qc5 27. Qxc5 Nbxc5 28. fxg6 hxg6 29. Rf6 Nxb2 30. Rxd6 Rb3 31. Rc6 Nbxa4 32. Rxb3 cxb3 33. Nxa4 Nxa4 34. d6 b2 35. Be4 Kg7 36. d7 Rd8 37. Rc4 Rxd7 38. Rxa4 1/2-1/2

[Event "CZE-chT9900"]
[Site "CZE"]
[Date "2000.??.??"]
[Round "6"]
[White "Stohl, Igor"]
[Black "Blehm, Pawel"]
[Result "1/2-1/2"]
[WhiteElo "2600"]
[BlackElo "2480"]
[PlyCount "107"]
[EventDate "1999.??.??"]
[Source "www.chesslib.no"]
[SourceDate "2004.05.04"]

1. d4 Nf6 2. c4 g6 3. g3 Bg7 4. Bg2 d6 5. Nf3 O-O 6. O-O Nc6 7. d5 Na5 8. Nbd2 c5 9. Ne1 b5 10. cxb5 Bb7 11. e4 a6 12. Rb1 c4 13. a4 Nd7 14. Nc2 Qb6 15. Na3 Rfc8 16. Bh3 Qd8 17. Qe2 axb5 18. axb5 c3 19. bxc3 Bxc3 20. Bb2 Bxb2 21. Rxb2 Rc3 22. Nc2 Ne5 23. Nb4 Qb6 24. Rbb1 Bc8 25. Bxc8 Raxc8 26. Nc6 Naxc6 27. bxc6 Qd4 28. Rfd1 Rc2 29. Kg2 f5 30. Rb7 fxe4 31. Qxe4 Qc3 32. Nb1 Qc5 33. Rd2 Rc4 34. Qe2 Rd4 35. Qb5 Qxb5 36. Rxb5 Rc4 37. f4 Ng4 38. Re2 e5 39. dxe6 R4xc6 40. Rb7 Re8 41. h3 Rc2 42. Rxc2 Ne3+ 43. Kf2 Nxc2 44. Nc3 Rxe6 45. Nd5 h5 46. g4 hxg4 47. hxg4 Kf8 48. Rc7 Nd4 49. Kg3 Re1 50. Rd7 Rd1 51. Nf6 Rd3+ 52. Kg2 Rd2+ 53. Kg3 Rd3+ 54. Kg2 1/2-1/2

[Event "Yerevan zt"]
[Site "Yerevan"]
[Date "1982.??.??"]
[Round "9"]
[White "Dorfman, Josif D"]
[Black "Kupreichik, Viktor D"]
[Result "1-0"]
[WhiteElo "2510"]
[BlackElo "2570"]
[PlyCount "106"]
[EventDate "1982.02.??"]
[Source "ChessBase"]

1. d4 Nf6 2. c4 g6 3. g3 Bg7 4. Bg2 O-O 5. Nf3 d6 6. O-O a6 7. b3 e5 8. Nc3 Qe7 9. Bg5 Qe8 10. dxe5 dxe5 11. Nd2 Nc6 12. Nd5 Nxd5 13. cxd5 Nd4 14. e3 Nb5 15. e4 f5 16. a4 Nd6 17. Rc1 Rf7 18. f3 b5 19. axb5 axb5 20. Ra1 Rxa1 21. Qxa1 f4 22. g4 c6 23. Qa8 cxd5 24. Qxd5 Bf8 25. Rc1 Bb7 26. Qd3 Rd7 27. Qc2 Nf7 28. Bh4 Ba3 29. Rd1 Qf8 30. Bf1 Qd6 31. Be2 Bb4 32. Nc4 Qc5+ 33. Bf2 Qc6 34. Rxd7 Qxd7 35. Nb6 Qc6 36. Qd3 Bc5 37. Qxb5 Bxf2+ 38. Kxf2 Qc1 39. Nc4 Bxe4 40. fxe4 Qh1 41. Nxe5 Qxh2+ 42. Ke1 Qg1+ 43. Bf1 Qe3+ 44. Kd1 Qd4+ 45. Nd3 Qa1+ 46. Ke2 g5 47. Qa4 Qb1 48. Kf2 Qd1 49. Be2 Qh1 50. Bf3 Qh2+ 51. Kf1 Qd2 52. Qa8+ Kg7 53. Qa1+ Kg8 1-0